000 00801nam a2200229Ia 4500
008 191130s2004##################000#0#eng##
020 _a9780786440818
022 _a2003019131
040 _aACL
_cACL
082 _a791.43658 SMI
100 _aSmith, Gary A
245 _aEpic films : casts, credits, and commentary on over 350 historical spectacle movies
_cGary Allen Smith ; forword by Stephen Papich
250 _a2nd ed
260 _aJefferson, N.C
_bMcFarland & Company
_cc2004
300 _avii, 312 p. : ill. ; 27 cm
500 _aIncludes bibliographical references (p. 289-290) and index
650 _aEpic films - History and criticism
650 _aHistorical films - History and criticism
990 _acf3134a0ac10000c221197bb7ba9e5a1
991 _a363288
999 _c175703
_d175703